A maior flor do mundo (Registo nº 1091)
[ vista simples ]
| 000 -Etiqueta do registo | |
|---|---|
| Cabeçalho | 00788nam a2200265 4500 |
| 005 - Identificador da versão | |
| Campo de controlo | 20240813121825.0 |
| 010 ## - Número internacional normalizado dos livros (ISBN) | |
| Número (ISBN) | 9722114379 |
| 021 ## - Número do Depósito Legal | |
| Código do país | PT |
| Número | 170215/01 |
| 100 ## - Dados gerais de processamento | |
| Dados gerais de processamento | 20191203d2005 d y0pory5003 ba |
| 102 ## - Pais de publicação ou produção | |
| País de publicação | Portugal |
| 101 0# - Língua de publicação | |
| Língua do texto, banda sonora, etc. | Português |
| 215 ## - Descrição física | |
| Indicação específica da natureza do documento e extensão da espécie | [31] p. |
| Outras indicações físicas | il. color |
| 200 1# - Titulo e menção de responsabilidade | |
| Título próprio | A maior flor do mundo |
| Primeira menção de responsabilidade | José Saramago |
| Outras menções de responsabilidade | il. João Caetano |
| 210 ## - Publicação, Distribuição, etc. | |
| Lugar da edição, distribuição, etc. | Lisboa |
| Nome do editor, distribuidor, etc. | Caminho |
| Data da publicação, distribuição, etc. | cop. 2001 |
| Data da impressão | imp. 2005 |
| 300 ## - Notas gerais | |
| Texto da nota | Metas Curriculares |
| Texto da nota | Plano Nacional de Leitura |
| 606 ## - Nome comum usado como assunto | |
| Número de registo de entrada de autoridade | 0002010 |
| Palavra de ordem | Literatura portuguesa |
| Subdivisão de assunto | Conto |
| Código do sistema | CA |
| 675 ## - Classificação Decimal Universal (CDU) | |
| Notação | 821.134.3-34 |
| Edição | 3ª ed. |
| Língua da edição | por |
| 702 #1 - Nome de autor-pessoa física (responsabilidade secundária) | |
| Número de registo de entrada de autoridade | 0001463 |
| Palavra de ordem | Caetano |
| Outra parte do nome não tomada para palavra de ordem | João |
| Código de função | Ilustrador / Técnico de desenho computorizado |
| 700 #1 - Nome de autor-pessoa física (responsabilidade principal) | |
| Número de registo de entrada de autoridade | 0002615 |
| Palavra de ordem | Saramago |
| Outra parte do nome não tomada para palavra de ordem | José |
| Datas | 1922-2010 |
| 966 ## - Identificação da Biblioteca | |
| Sigla | EB2,3ENM |
| 942 ## - Elementos de entrada adicionados (Koha) | |
| Tipo de item no Koha | Livro |
| Situação do levantamento | Origin of item (home branch) (coded) | Biblioteca de empréstimo | Código de barras | Cota | Circulation type (not for loan) | Tipo de documento | Nota do exemplar | Damaged status |
|---|---|---|---|---|---|---|---|---|
| Biblioteca Escolar Eng. Nuno Mergulhão | Biblioteca Escolar Eng. Nuno Mergulhão | BENM1979 | 82LP-34 SAR MET PNL | Livro | Sem mensagem |
